| 000 | 00851nas a2200277 4500 | ||
|---|---|---|---|
| 001 | BR9804379 | ||
| 003 | BR-BrBNA | ||
| 005 | 20231205101055.0 | ||
| 007 | ta | ||
| 008 | 230509b bl.|||p| |||| 00| 00por d | ||
| 040 |
_aBR-BrBNA _bpor _cBiblioteca Nacional de Agricultura |
||
| 041 | _a(Pt) | ||
| 072 | _aF70 | ||
| 100 | 1 | _aLisboa, R.C.L. | |
| 100 | 1 | _aIlkiu-Borges, A.L. | |
| 245 | 1 | _aDiversidade das Briofitas de Belem (PA)e seu potencial como indicadoras de poluicao urbana | |
| 650 | _aInventario | ||
| 650 | _aVegetacao | ||
| 650 | _aBriofita | ||
| 650 | _aMusgo | ||
| 650 | _aPoluicao Ambiental | ||
| 650 | _aAmazonia | ||
| 773 | 0 |
_tBoletim do Museu Paraense Emilio Goeldi. Serie Botanica (Brazil) _xISSN 0077-2216 _g(Dec 1995), v. 11(2) p. 199-225 _wBR9804379 |
|
| 909 |
_a202311 _bLúcia _c55 _dLúcia Elande |
||
| 942 |
_2AGRIS _n0 _cANA |
||
| 999 |
_c159556 _d159556 |
||